| 000 | 004470000a22001810004500 | ||
|---|---|---|---|
| 003 | MACL | ||
| 005 | 20160119142037.0 | ||
| 008 | 160119b xxu||||| |||| 00| 0 eng d | ||
| 040 |
_aMACL _cMACL |
||
| 041 | _aEnglish | ||
| 082 | _a001/BRI | ||
| 100 |
_aBright, P S _933222 |
||
| 245 | _aGeneral knowledge Hand Book | ||
| 260 |
_bBright Careers institus _c2002 _aDelhi |
||
| 350 | _a60 | ||
| 650 |
_aGenelities _933223 |
||
| 942 |
_cBK _k001/Bri _2ddc |
||
| 999 |
_c32508 _d32508 |
||